ස්ත්‍රී අයිතීන් විමසුම වාර් ෂික වාර් තාව 1999 (Record no. 4434)

MARC details
000 -LEADER
fixed length control field 00756nam a22001937a 4500
003 - CONTROL NUMBER IDENTIFIER
control field LK-CoMWRAF
005 - DATE AND TIME OF LATEST TRANSACTION
control field 20231213214809.0
008 - FIXED-LENGTH DATA ELEMENTS--GENERAL INFORMATION
fixed length control field 231213b |||||||| |||| 00| 0 eng d
020 ## - INTERNATIONAL STANDARD BOOK NUMBER
International Standard Book Number 955907802X
040 ## - CATALOGING SOURCE
Original cataloging agency LK-CoMWRAF
Modifying agency LK-CoMWRAF
Description conventions LK-CoMWRAF
041 ## - LANGUAGE CODE
Language code of text/sound track or separate title Sinhala; Sinhalese
082 ## - DEWEY DECIMAL CLASSIFICATION NUMBER
Classification number 305.4
Item number STR
942 ## - ADDED ENTRY ELEMENTS (KOHA)
Koha item type Books
700 ## - ADDED ENTRY--PERSONAL NAME
Personal name සැමුවෙල්, කුමුදිනී
Relator Term compiler
245 ## - TITLE STATEMENT
Title ස්ත්‍රී අයිතීන් විමසුම වාර් ෂික වාර් තාව 1999
246 ## - VARYING FORM OF TITLE
Title proper/short title Stri aitheen wimasuma warshika warthawa 1999
260 ## - PUBLICATION, DISTRIBUTION, ETC. (IMPRINT)
Place of publication, distribution, etc. කොළඹ :
Name of publisher, distributor, etc. කාන්තාව සහ මාධ්‍ය සාමුහිකය,
Date of publication, distribution, etc. 1998
650 ## - SUBJECT ADDED ENTRY--TOPICAL TERM
Topical term or geographic name as entry element ස්ත්‍රී අයිතිවාසිකම්
Holdings
Withdrawn status Lost status Damaged status Not for loan Permanent Location Current Location Date acquired Full call number Barcode Koha item type
        Resource center, Muslim Women's Research And Action Forum Resource center, Muslim Women's Research And Action Forum 2023-12-13 305.4 STR RAF4812 Books

Copyright © 2023 Muslim Women's Research and Action Forum (MWRAF), No 27/3, Anderson Road, Kalubowila, Dehiwela. Funded by The Asia Fundation